Dr. Seuss Books Quiz Stats

 Plays Quiz Updated Nov 1, 2016

Support Sporcle.
Go Orange.
Score 0/63 Timer 12:00
0 Plays Today
Year Book % Correct
1957The Cat in the Hat
88.8%
1960Green Eggs and Ham
82.7%
1954Horton Hears a Who!
68.7%
1960One Fish, Two Fish, Red Fish, Blue Fish
67.3%
1957How the Grinch Stole Christmas!
58.1%
1990Oh, the Places You'll Go!
55.4%
1971The Lorax
54.1%
1963Hop on Pop
52.7%
2015***What Pet Should I Get?
46.5%
1958The Cat in the Hat Comes Back
45%
1958Yertle the Turtle and Other Stories
36.8%
1965Fox in Socks
36.4%
1961The Sneetches and Other Stories
34.3%
1968The Foot Book
34.2%
1940Horton Hatches the Egg
32.3%
1937And to Think That I Saw It on Mulberry Street
30.9%
1963Dr. Seuss's ABC: An Amazing Alphabet Book
30.4%
1950If I Ran the Zoo
29.9%
1974There's a Wocket in My Pocket!
28.3%
1984The Butter Battle Book
26.6%
1970Mr. Brown Can Moo! Can You?
25.9%
1956If I Ran the Circus
25.6%
1938The 500 Hats of Bartholomew Cubbins
25.4%
1962Dr. Seuss's Sleep Book
23.2%
1949Bartholomew and the Oobleck
23%
1959Happy Birthday to You!
22.7%
1978I Can Read with My Eyes Shut!
22%
1974Oh, the Thinks You Can Think!
21.9%
1955On Beyond Zebra!
21.2%
1939The King's Stilts
21%
1995***Daisy-Head Mayzie
21%
1947McElligot's Pool
20.9%
Year Book % Correct
1972Marvin K. Mooney Will You Please Go Now!
20.4%
1948Thidwick the Big-Hearted Moose
20.2%
1961*Ten Apples Up on Top!
20%
1974*Wacky Wednesday
19.8%
1953Scrambled Eggs Super!
19.7%
1968*The Eye Book
19.7%
1979Oh, Say Can You Say?
19.2%
1986You're Only Old Once!
18.9%
1939The Seven Lady Godivas
18.8%
1981*The Tooth Book
18.6%
1969My Book About Me
18.1%
1974Great Day for Up!
18%
1965I Had Trouble in Getting to Solla Sollew
18%
1969I Can Lick 30 Tigers Today! and Other Stories
17.9%
1973Did I Ever Tell You How Lucky You Are?
17.6%
1967The Cat in the Hat Songbook
17.5%
1965*I Wish That I Had Duck Feet
16.8%
1982Hunches in Bunches
16.6%
1972*In a People House
16.5%
1973The Shape of Me and Other Stuff
16.5%
1970I Can Draw It Myself
16.2%
1976The Cat's Quizzer
16.1%
1987I Am Not Going To Get Up Today!
15.9%
1966*Come Over to My House
15.1%
1971*I Can Write!
15.1%
1975*Would You Rather Be a Bullfrog?
14.2%
1973*The Pop-up Mice of Mr. Brice
13.6%
1976*Hooper Humperdink...? Not Him!
13.6%
1977*Please Try to Remember the First of Octember!
13.4%
1975**Because a Little Bug Went Ka-Choo!
13.4%
1980*Maybe You Should Fly a Jet! Maybe You Should Be a Vet!
13.2%

From the Vault

Baseball: A 'National Pastime'

by needapausebutton

Sports 16m
"Love is the most important thing in the world, but baseball is pretty good, too." - Yogi Berra
Remove Ads.
Support Sporcle.
Get the best of Sporcle when you Go Orange. This ad-free experience offers more features, more stats, and more fun while also helping to support Sporcle. Thank you for becoming a member.

Show Comments

Extras

Top Quizzes Today


Score Distribution

Your Account Isn't Verified!

In order to create a playlist on Sporcle, you need to verify the email address you used during registration. Go to your Sporcle Settings to finish the process.

Report this User

Report this user for behavior that violates our Community Guidelines.

Details: